Statistiques concernant Qui a dit ? (Punchlines rap fr)

Cliquez ici pour prendre le quiz!

Statistiques générales

  • Ce quiz a été pris 220 fois
  • Le résultat moyen est 4 sur 15

Statistiques - réponses

HintRéponse% Correct
J'fais confiance qu'en mon Desert Eagle, et en Zizou dans les arrêts de jeuKaaris
94%
C''est pas la rue mais l'être humain qui m'attriste / Comment leur faire confiance, ils ont tué le ChristBooba
80%
J’suis dans le mood de finir au Louvre / Car quand je l'ouvre, j'peins avec les motsDamso
52%
J’vais pas te décrocher la Lune puisque t’en as déjà uneDosseh
23%
Le doigt avec lequel j’témoigne de ma foi / c’est le même avec lequel j’peux tirer sur toiNiro
23%
Richesse à celui qui sait s'taire, la mort à celui qui parle fortPLK
22%
J’ai pris en stop la dame blanche au virage, j’l’ai mise en cloqueAlkpote
13%
Beaucoup de MCs croient qu'ils tuent, en fait, la merde ils puentRohff
13%
Alors **** paraît que tu chantes, jamais tu changes? / Nan, mon rap c'est un footing sur la bande d'arrêt d'urgenceHugo TSR
12%
Salam et Shalom, la même, mais prononcé en décalage / Ça devient Uzi opposé à KalashAli
7%
Jette nous pas à l'œil on a assez de pépins / Gauche droite dans l'œil et la lumière s'éteintHornet la frappe
5%
T'étais devant moi, mais là, j'en reviens pas comment t'es trop lentLuv Resval
5%
Refais une blague raciste, ton cul sera noir de monde404billy
3%
J’ai consommé plus d’herbe qu’une putain d’tondeuse à gazonSinik
3%
La fumée s’évapore, et je maîtrise les vers de lyrics et d’alcoolRomeo Elvis
2%

Distribution des résultats

Percentile par nombre de réponses

% des personnes avec chaque résultat

Votre développement - résultats

Vous n’avez pas pris ce quiz